01097nam a2200193 450000500170000000800410001702000180005803700120007604000130008808400220010124500510012326000390017430000610021352004890027470000290076370000370079270000380082970000360086720260413102359.0260312b |||||||| |||| 00| 0 eng d a9783030746346 cTextual aRTLcRTL qRTLaU8:(G:55) R1 aTourism management and sustainable development aSwitzerlandbSpringer Naturec2021 ax, 176 p. bIncludes bibliographical reference and index aThis book investigates the various ties between tourism development and sustainability, revealing forces of change and current trends in tourism management performance in countries of Central and Southeast Europe. The contributions explore how the tourism industry is responding to numerous related challenges while managing risks with the aim of enhancing tourism management performance. In addition, it offers insights into the interconnections between tourism and other industries. aKaranovic, GoraneEditor aPolychronidou, PersefonieEditor aKarasavvoglou, AnastasioseEditor aRibaric, Helga MaskarineEditor